Design and analysis of algorithms (Record no. 241523)
[ view plain ]
| 000 -LEADER | |
|---|---|
| fixed length control field | 01446nam a22002657a 4500 |
| 005 - DATE AND TIME OF LATEST TRANSACTION | |
| control field | 20260623113114.0 |
| 008 - FIXED-LENGTH DATA ELEMENTS--GENERAL INFORMATION | |
| fixed length control field | 260622b |||||||| |||| 00| 0 eng d |
| 020 ## - INTERNATIONAL STANDARD BOOK NUMBER | |
| International Standard Book Number | 9789354248481 |
| 040 ## - CATALOGING SOURCE | |
| Transcribing agency | AL |
| 041 ## - LANGUAGE CODE | |
| Language code of text/sound track or separate title | eng |
| 082 ## - DEWEY DECIMAL CLASSIFICATION NUMBER | |
| Classification number | 005.1 |
| Item number | GOOD |
| 100 ## - MAIN ENTRY--PERSONAL NAME | |
| Personal name | Michael T Goodrich |
| 100 ## - MAIN ENTRY--PERSONAL NAME | |
| 9 (RLIN) | 265923 |
| 245 ## - TITLE STATEMENT | |
| Title | Design and analysis of algorithms |
| 260 ## - PUBLICATION, DISTRIBUTION, ETC. | |
| Place of publication, distribution, etc. | New Delhi |
| Name of publisher, distributor, etc. | Wiley India Pvt Ltd |
| Date of publication, distribution, etc. | 2025 |
| 300 ## - PHYSICAL DESCRIPTION | |
| Extent | xxi,602p |
| Other physical details | PB |
| Dimensions | 26X20.5cm |
| 365 ## - TRADE PRICE | |
| Source of price type code | Electronics and Communication Engineering |
| Price type code | VBI-2645 |
| Price amount | ₹741.75 |
| Currency code | ₹ |
| Unit of pricing | ₹989.00 |
| Price note | 25% |
| Price effective from | 20-02-2026 |
| 520 ## - SUMMARY, ETC. | |
| Summary, etc. | Design and analysis of algorithms offers an exhaustive coverage of the design and analysis of algorithms and data structures. Integrating application with theory, the book presents algorithmic topics in a context that is motivated from applications to uses in society, computer games, computing industry, Science, engineering, and the Internet. Beginning with the basic framework and tools needed to analyze algorithms, the book then presents fundamental data structures, such as stacks, queues, lists, and Advanced data structures such as trees, search trees, priority queues, heaps, hash tables, union-find structures, and graphs. |
| 650 ## - SUBJECT ADDED ENTRY--TOPICAL TERM | |
| Topical term or geographic name entry element | Binary Search Trees |
| 9 (RLIN) | 265871 |
| 650 ## - SUBJECT ADDED ENTRY--TOPICAL TERM | |
| Topical term or geographic name entry element | Priority Queues |
| 9 (RLIN) | 265872 |
| 650 ## - SUBJECT ADDED ENTRY--TOPICAL TERM | |
| Topical term or geographic name entry element | Number Theory |
| 9 (RLIN) | 265873 |
| 650 ## - SUBJECT ADDED ENTRY--TOPICAL TERM | |
| Topical term or geographic name entry element | Network Flow |
| 9 (RLIN) | 265874 |
| 700 ## - ADDED ENTRY--PERSONAL NAME | |
| Personal name | Tamassia, Roberto |
| 9 (RLIN) | 265875 |
| 700 ## - ADDED ENTRY--PERSONAL NAME | |
| Personal name | Venkatesh K A |
| 9 (RLIN) | 265876 |
| 942 ## - ADDED ENTRY ELEMENTS (KOHA) | |
| Source of classification or shelving scheme | Dewey Decimal Classification |
| Koha item type | Book |
| Withdrawn status | Lost status | Source of classification or shelving scheme | Damaged status | Not for loan | Collection code | Home library | Current library | Date acquired | Source of acquisition | Cost, normal purchase price | Total Checkouts | Full call number | Barcode | Date last seen | Cost, replacement price | Price effective from | Koha item type |
|---|---|---|---|---|---|---|---|---|---|---|---|---|---|---|---|---|---|
| Dewey Decimal Classification | Electronics and Communication Engineering | St Aloysius Engineering Library | St Aloysius Engineering Library | 06/20/2026 | Vidyathri Books, Bengaluru-560076 | 741.75 | 005.1 GOOD | SE000553 | 06/22/2026 | 989.00 | 02/20/2026 | Book |